000 00269nam a2200109Ia 4500
005 20251222144751.0
008 251222s9999||||xx |||||||||||||| ||spa||
082 _a980/C76
245 0 _aPapeles para la Paz
264 _bCentro de Investigación por la Paz
942 _cLIB
999 _c19340
_d19340